Kill me quick/ (Record no. 30580)

000 -LEADER
fixed length control field 00425nam a22001457a 4500
008 - FIXED-LENGTH DATA ELEMENTS--GENERAL INFORMATION
fixed length control field 191112b ||||| |||| 00| 0 eng d
020 ## - INTERNATIONAL STANDARD BOOK NUMBER
International Standard Book Number 9789966460332
050 ## - LIBRARY OF CONGRESS CALL NUMBER
Classification number PZ 4 .M83 2015
100 ## - MAIN ENTRY--PERSONAL NAME
Personal name Mwangi, Meja.
245 ## - TITLE STATEMENT
Title Kill me quick/
Statement of responsibility, etc. Meja Mwangi.
260 ## - PUBLICATION, DISTRIBUTION, ETC. (IMPRINT)
Place of publication, distribution, etc. Nairobi;
Name of publisher, distributor, etc. E.A.E.P
Date of publication, distribution, etc. 2015.
300 ## - PHYSICAL DESCRIPTION
Extent 170p.:
Dimensions 20 cm.
650 ## - SUBJECT ADDED ENTRY--TOPICAL TERM
Topical term or geographic name as entry element African fiction
Form subdivision English.
942 ## - ADDED ENTRY ELEMENTS (KOHA)
Source of classification or shelving scheme
Koha item type Short Loan Books
Classification part PZ 4 .M83 2015
Holdings
Withdrawn status Lost status Source of classification or shelving scheme Damaged status Not for loan Home library Current library Shelving location Date acquired Source of acquisition Cost, normal purchase price Total Checkouts Full call number Barcode Date last seen Date last checked out Price effective from Koha item type
          MACHAKOS UNIVERSITY LIBRARY MACHAKOS UNIVERSITY LIBRARY Africana 12/11/2019 Purchase 487.00 2 PZ 4 .M83 2015 23131 07/10/2022 07/10/2022 12/11/2019 Short Loan Books
          MACHAKOS UNIVERSITY LIBRARY MACHAKOS UNIVERSITY LIBRARY Africana 12/11/2019 Purchase 487.00 3 PZ 4 .M83 2015 23133 20/05/2024 25/01/2023 12/11/2019 Short Loan Books
          MACHAKOS UNIVERSITY LIBRARY MACHAKOS UNIVERSITY LIBRARY Africana 12/11/2019 Purchase 487.00 6 PZ 4 .M83 2015 23132 26/01/2023 26/01/2023 12/11/2019 Short Loan Books
© Machakos University Library, Along The Highway, Machakos Wote Rd, Machakos, Kenya P.O. Box 136 - 90100 Machakos - Kenya

Tel: ( +254 ) 723 805829 OR Fax : 044-20353 OR Email: library@mksu.ac.ke